[Event "Hilversum op"]
[Site "Hilversum"]
[Date "2017.06.23"]
[Round "1"]
[White "Ephraim, Olaf"]
[Black "Van Dael, Siem"]
[Result "1-0"]
[WhiteElo "2009"]
[BlackElo "2233"]
[PlyCount "63"]
[EventDate "2017.06.23"]
[EventType "swiss"]
[EventRounds "6"]
[EventCountry "NED"]
[SourceTitle "CBM 179 Extra"]
[Source "ChessBase"]
[SourceDate "2017.08.23"]
[SourceVersion "1"]
[SourceVersionDate "2017.08.23"]
[SourceQuality "1"]

1. d4 Nf6 2. c4 g6 3. Nc3 Bg7 4. e4 d6 5. f3 0-0 6. Be3 c5 7. Nge2 Nc6 8. d5 Ne5 9. Ng3 h5 10. Be2 h4 11. Nf1 a6 12. Nd2 e6 13. a4 Nh7 14. f4 Nd7 15. dxe6 fxe6 16. Nf3 Qb6 17. Qd2 e5 18. 0-0 h3 19. g3 Ndf6 20. fxe5 dxe5 21. Nxe5 Nxe4 22. Nxe4 Bxe5 23. Bxc5 Rxf1+ 24. Rxf1 Qc7 25. Qd5+ Kg7 26. Bd4 Bxd4+ 27. Qxd4+ Kg8 28. Qd5+ Kg7 29. c5 Bf5 30. Nd6 Rd8 31. Qe5+ Kg8 32. Bc4+ 1-0